Datum a čas kvízu
26
Celkem bodů
Celkový počet nahraných bodů na tomto kvízu bez doplňovacích otázek.
3.
Pořadí na kvízu
Konečné umístění týmu na tomto kvízu.
Zaznamenané odpovědi
| # | Otázka | Odpověď | Body | Výsledky |
|---|---|---|---|---|
| 1. | Vozidla taxislužeb již zřejmě... | taxametrem | 0 | |
| 2. | Jeden z favoritů prezidentskýc... | Zuzana Čaputová | 0 | |
| 3. | Jistá služba internetového úlo... | Ulož.to | 0 | |
| 4. | Irský oděvní řetězec, populárn... | Primark | 1 | |
| 5. | Jediným českým medailistou na... | vrhu koulí | 1 | |
| 6. | Karlovy Vary, Kutná Hora, Klad... | Klatovy | 1 | |
| 7. | Oganesson, xenon, radon, argon... | neon | 1 | |
| 8. | Babiš, Sobotka, Zeman, Topolán... | Josef Tošovský | 0 | |
| 9. | Bohdalová, Kubišová, Rettigová... | Milada Horáková | 0 | |
| 10. | Komedie omylů, Zkrocení zlé že... | Veselé paničky windsorské | 0 |